Operaciones Bursátiles (Registro nro. 6024)

Detalles MARC
000 -Cabecera
Campo de control de longitud fija 00676ata a2200265 4500
005 - Fecha y hora de la última transacción
Campo de control 20250729141912.0
008 - Elementos de longitud fija--Información general
Campo de control de longitud fija 150526b2012 xxu||||| |||| 00| 0 spa d
020 ## - International Standard Book Number
Número Internacional Estándar del Libro (ISBN) 996831157X
041 ## - Idioma
Código de idioma Español
082 ## - Clasificación Decimal Dewey
Número de clasificación 333.642 M551o
100 ## - Entrada principal--Autor personal
Nombre personal Meoño Briansó, Mario
9 (RLIN) 1476
100 ## - Entrada principal--Autor personal
Nombre personal Escoto Leiva, Roxana
245 ## - Título propiamente dicho
Título Operaciones Bursátiles
250 ## - Edición
Mención de edición 5 edición
260 ## - Pie de imprenta
Lugar de publicación, distribución, etc. Costa Rica
260 ## - Pie de imprenta
Nombre del editor, distribuidor, etc. EUNED
260 ## - Pie de imprenta
Fecha de publicación, distribución, etc. 2012
300 ## - Descripción física
Extensión 304 páginas
490 ## - Serie
Título de la Serie Dirección y Administración de Empresas
650 ## - Materia general
Temática (materia general) COSTA RICA
650 ## - Materia general
Temática (materia general) OPERACIONES DE MERCADO
650 ## - Materia general
Temática (materia general) BOLSA DE VALORES
650 ## - Materia general
Temática (materia general) MERCADOS BURSATILES
942 ## - Punto de acceso adicional KOHA
Tipo de ítem KOHA Libro
Fuente del sistema de clasificación o colocación Dewey Decimal Classification
Existencias
Signatura completa Código de barras Programa Académico Tipo de ítem
333.642 M551o 17418 Dirección y Administración de Empresas Libro
333.642 M551o 20160 Dirección y Administración de Empresas Libro